| 000 | 01659cad a22002895a 4500 | ||
|---|---|---|---|
| 001 | E159802 | ||
| 008 | 110620s2013 xxk 000 0 eng u | ||
| 020 | _a9781783210077 | ||
| 035 | _a(Sirsi) u159802 | ||
| 041 | 0 | _aeng | |
| 050 | 0 | 4 | _a347.4107 $2 18 |
| 110 | 2 |
_aRoyal Institution of Chartered Surveyors _bScotland _93082 |
|
| 245 | 0 | 0 |
_aSurveyors acting as adjudicators in the construction industry when Scots Law applies _h[electronic resource] |
| 250 | _a3rd ed. | ||
| 260 |
_aCoventry _bRICS _c2013 |
||
| 490 | 0 |
_aRICS Guidance Note _v(GN 106/2013) |
|
| 520 | _aARCHIVED 25/04/2018 | ||
| 520 | _aBased on law and practice in Scotland, this publication offers guidance to members acting as adjudicators to disputes relating to works carried out under construction contracts. While this publication provides outline guidance, those acting as adjudicators will need to have a wider and deeper understanding of the law and of procedure than has been considered appropriate to provide within the document (this is particularly so in relation to the law of contract). | ||
| 520 | _aSupersedes 2nd edition (ISBN 9781842196922). | ||
| 520 | _aSuperseded by 4th edition (ISBN 9781783212886). | ||
| 590 | _aKA NTK | ||
| 650 | 2 | 4 | _aALTERNATIVE DISPUTE RESOLUTION |
| 651 | 4 |
_aScotland _y1999- |
|
| 690 | _aMANAGEMENT-DISPUTE AVOIDANCE, MANAGEMENT AND RESOLUTION-DISPUTE MANAGEMENT AND RESOLUTION-ALTERNATIVE DISPUTE RESOLUTION-ADJUDICATION | ||
| 856 | 4 | 1 |
_uhttps://www.rics.org/Global/Surveyors_acting_adjudicators_where_Scots_law_applies_3rd_edition_PGguidance_2013.pdf _zView the guidance free of charge (members only) at www.rics.org |
| 942 | _n0 | ||
| 999 |
_c116115 _d116115 |
||